[Event "GER-ch 81st"]
[Site "Bad Liebenzell"]
[Date "2010.03.05"]
[Round "1"]
[White "Bastian, Herbert"]
[Black "Khenkin, Igor"]
[Result "0-1"]
[WhiteElo "2351"]
[BlackElo "2597"]
[EventDate "2010.03.05"]
[PlyCount "42"]

1. e4 e6 2. d4 d5 3. e5 c5 4. Nf3 cxd4 5. Nxd4 Nc6 6. Nxc6 bxc6 7. Bd3 Ne7 8. Nd2 Ng6 9. Nf3 Be7 10. Qe2 c5 11. c4 Bb7 12. O-O O-O 13. Bd2 dxc4 14. Bxc4 Bxf3 15. gxf3 Bg5 16. Be3 Bf4 17. Rfc1 Qh4 18. Bxf4 Nxf4 19. Qe3 Qg5+ 20. Kf1 Rad8 21. Rd1 Qg2+ 0-1

[Event "GER-ch 81st"]
[Site "Bad Liebenzell"]
[Date "2010.03.05"]
[Round "1"]
[White "Bindrich, Falko"]
[Black "Raykhman, Alexander"]
[Result "1-0"]
[WhiteElo "2532"]
[BlackElo "2352"]
[EventDate "2010.03.05"]
[PlyCount "79"]

1. e4 c5 2. Nf3 d6 3. d4 cxd4 4. Nxd4 Nf6 5. Nc3 a6 6. Bg5 Nbd7 7. Qe2 e5 8. Nf5 h6 9. Bh4 g6 10. Ne3 Be7 11. f3 b5 12. a4 b4 13. Bxf6 Nxf6 14. Ncd5 Nxd5 15. Nxd5 a5 16. O-O-O Be6 17. Kb1 O-O 18. Qe3 Bg5 19. Qf2 Rc8 20. h4 Bf6 21. h5 Bg7 22. Bb5 Rc5 23. Ne3 Qb6 24. Nc4 Bxc4 25. Bxc4 Kh7 26. Bb3 g5 27. Qe2 Qc7 28. Rd3 Bf6 29. Rhd1 Be7 30. Rd5 Kg7 31. Qa6 Rc8 32. Rxc5 dxc5 33. Bxf7 Kxf7 34. Qg6+ Kf8 35. Qxh6+ Ke8 36. Qg6+ Kf8 37. h6 Rd8 38. h7 Rxd1+ 39. Ka2 b3+ 40. cxb3 1-0

[Event "GER-ch 81st"]
[Site "Bad Liebenzell"]
[Date "2010.03.05"]
[Round "1"]
[White "Dauenheimer, Torsten"]
[Black "Feuerstack, Aljoscha"]
[Result "1/2-1/2"]
[WhiteElo "2233"]
[BlackElo "2382"]
[EventDate "2010.03.05"]
[PlyCount "67"]

1. d4 d5 2. c4 c6 3. cxd5 cxd5 4. Nc3 Nf6 5. Bf4 Nc6 6. e3 Bf5 7. Nf3 e6 8. Bb5 Nd7 9. Ne5 Ncxe5 10. Bxe5 a6 11. Bxd7+ Qxd7 12. O-O Rc8 13. Rc1 f6 14. Bg3 Be7 15. Qb3 O-O 16. Na4 Rxc1 17. Rxc1 Rc8 18. Nc5 Qb5 19. Qxb5 axb5 20. f3 Kf7 21. Be1 e5 22. Bd2 b6 23. Na6 Ra8 24. Nb4 Bxb4 25. Bxb4 exd4 26. exd4 Rxa2 27. Rc7+ Kg8 28. b3 Ra1+ 29. Kf2 Rd1 30. g4 Bb1 31. Rc8+ Kf7 32. Rc7+ Ke8 33. Rxg7 Rd3 34. Rxh7 1/2-1/2

[Event "GER-ch 81st"]
[Site "Bad Liebenzell"]
[Date "2010.03.05"]
[Round "1"]
[White "Engelmann, Jakob"]
[Black "Tabatt, Hendrik"]
[Result "0-1"]
[WhiteElo "2213"]
[BlackElo "2347"]
[EventDate "2010.03.05"]
[PlyCount "140"]

1. e4 e5 2. Nf3 Nc6 3. Bb5 a6 4. Ba4 Bc5 5. O-O d6 6. d3 Nge7 7. Be3 f6 8. Bxc5 dxc5 9. c3 Be6 10. Qe2 Qd6 11. Nbd2 O-O-O 12. Bc2 g5 13. Rfd1 Ng6 14. Nb3 g4 15. Nfd2 h5 16. Qe3 b6 17. Nf1 h4 18. Nbd2 Nf4 19. a3 Nxd3 20. Nb3 c4 21. Nc1 Qc5 22. Nxd3 Qxe3 23. Nxe3 cxd3 24. Bxd3 Kb7 25. Bc4 Bxc4 26. Nxc4 Na5 27. Ne3 Nb3 28. Rxd8 Rxd8 29. Re1 Rd2 30. Nxg4 Rxb2 31. Nxf6 Nc5 32. g3 Nd3 33. Rf1 h3 34. Nh7 Ra2 35. Ng5 Rxa3 36. f4 exf4 37. gxf4 Rxc3 38. e5 Rc2 39. Nxh3 Re2 40. Rd1 Re3 41. e6 Rxh3 42. e7 Re3 43. Rxd3 Rxe7 44. Kf2 c5 45. Kf3 c4 46. Re3 Rh7 47. Ke4 Rxh2 48. Kd5 b5 49. f5 Rf2 50. Ke6 Kc6 51. f6 b4 52. Re4 Kb5 53. Re5+ Ka4 54. Rf5 Rxf5 55. Kxf5 b3 56. f7 b2 57. f8=Q b1=Q+ 58. Ke5 c3 59. Qc8 Qd3 60. Kf6 Kb3 61. Qb8+ Qb5 62. Qg8+ Kb2 63. Qd8 a5 64. Kg6 Qb4 65. Qf6 a4 66. Qf2+ c2 67. Qf6+ Kb1 68. Qf5 Qb3 69. Kh7 a3 70. Qe4 a2 0-1

[Event "GER-ch 81st"]
[Site "Bad Liebenzell"]
[Date "2010.03.05"]
[Round "1"]
[White "Heinig, Wolfram"]
[Black "Prusikin, Michael"]
[Result "1-0"]
[WhiteElo "2345"]
[BlackElo "2542"]
[EventDate "2010.03.05"]
[PlyCount "133"]

1. d4 Nf6 2. c4 g6 3. Nc3 Bg7 4. e4 d6 5. Be2 O-O 6. Bg5 c5 7. d5 h6 8. Bf4 a6 9. a4 e6 10. Nf3 exd5 11. exd5 g5 12. Bd2 Bf5 13. O-O Nbd7 14. Ne1 Ne4 15. Nxe4 Bxe4 16. Bd3 f5 17. Qc2 Qe7 18. Bc3 Rae8 19. Rb1 b5 20. axb5 axb5 21. Bxe4 Qxe4 22. Bxg7 Kxg7 23. cxb5 Nb6 24. Qc3+ Kg6 25. Nf3 Nxd5 26. Qd2 Nf4 27. Rfe1 Qd3 28. Qxd3 Nxd3 29. Red1 c4 30. b3 d5 31. bxc4 dxc4 32. Kf1 Rb8 33. Rxd3 cxd3 34. Ne5+ Kf6 35. Nd7+ Ke6 36. Nxf8+ Rxf8 37. Ke1 Kd5 38. Kd2 Rb8 39. b6 Kc6 40. Kxd3 Rd8+ 41. Kc4 Kb7 42. Rb2 f4 43. f3 Rd1 44. Kc5 Rh1 45. Re2 Rc1+ 46. Kd5 Kxb6 47. Re6+ Kc7 48. Rxh6 Rg1 49. Rh7+ Kc8 50. Kc6 Rc1+ 51. Kd6 Rd1+ 52. Ke6 Rg1 53. h4 Rxg2 54. hxg5 Rxg5 55. Rf7 Rg6+ 56. Ke7 Ra6 57. Rf8+ Kc7 58. Rxf4 Ra1 59. Rc4+ Kb6 60. f4 Kb5 61. Re4 Ra7+ 62. Kd6 Ra6+ 63. Ke5 Kc6 64. Rd4 Ra8 65. f5 Re8+ 66. Kf6 Kc5 67. Rd1 1-0

[Event "GER-ch 81st"]
[Site "Bad Liebenzell"]
[Date "2010.03.05"]
[Round "1"]
[White "Hirneise, Jens"]
[Black "Figura, Atila Gajo"]
[Result "0-1"]
[WhiteElo "2294"]
[BlackElo "2418"]
[EventDate "2010.03.05"]
[PlyCount "112"]

1. e4 c5 2. Nf3 d6 3. d4 cxd4 4. Nxd4 Nf6 5. Nc3 a6 6. Be3 e5 7. Nb3 Be7 8. h3 Be6 9. f4 exf4 10. Bxf4 Nc6 11. Qe2 Ne5 12. O-O-O Qc7 13. Kb1 b5 14. Nd5 Nxd5 15. exd5 Bd7 16. g4 O-O 17. Nd4 Rfe8 18. Qh2 Rac8 19. g5 Bf8 20. Be2 Nc4 21. Bc1 g6 22. h4 Bg7 23. Bxc4 Qxc4 24. b3 Qxd5 25. h5 Bg4 26. hxg6 Bxd1 27. Qxh7+ Kf8 28. Rxd1 Re1 29. gxf7 Rxd1 30. Qg8+ Ke7 31. Qxg7 Qxf7 32. Nf5+ Ke8 33. Qh8+ Kd7 34. Qh3 Kc7 35. g6 Qe6 36. g7 Qe1 37. Qh6 Kd7 38. Qg5 Rxc1+ 39. Qxc1 Qxc1+ 40. Kxc1 Rg8 41. Kd2 Ke6 42. Nd4+ Kd5 43. Kd3 Rxg7 44. c4+ bxc4+ 45. bxc4+ Ke5 46. Nc6+ Ke6 47. Kc3 Rg1 48. a4 Rc1+ 49. Kb3 Kf5 50. Nb4 Ke4 51. Nxa6 Kd4 52. Nc7 Rc3+ 53. Kb2 Rxc4 54. Nb5+ Kc5 55. Kb3 Rb4+ 56. Ka3 Rh4 0-1

[Event "GER-ch 81st"]
[Site "Bad Liebenzell"]
[Date "2010.03.05"]
[Round "1"]
[White "Hirneise, Tobias"]
[Black "Issing, Peter"]
[Result "1/2-1/2"]
[WhiteElo "2438"]
[BlackElo "2291"]
[EventDate "2010.03.05"]
[PlyCount "94"]

1. e4 e6 2. d4 d5 3. Nc3 Bb4 4. e5 b6 5. a3 Bf8 6. Bb5+ c6 7. Ba4 Ba6 8. Nce2 Ne7 9. c3 Qc8 10. Nf3 Bb5 11. Bc2 Qa6 12. Ng3 c5 13. Be3 Nd7 14. a4 Bc6 15. b4 cxb4 16. cxb4 b5 17. a5 h6 18. O-O Qb7 19. h4 Nb8 20. Ne1 Na6 21. Nd3 Bd7 22. Qd2 Nc6 23. Rab1 h5 24. Ne2 O-O-O 25. Bg5 Re8 26. Rfc1 Kb8 27. Bd1 Rc8 28. g3 Be8 29. Kh2 Bd7 30. Rb2 Rc7 31. Rcb1 Qc8 32. Qe3 Ne7 33. Nc5 Nf5 34. Qd3 Nxc5 35. bxc5 a6 36. Nc3 Ka7 37. Be2 Be7 38. Bxe7 Nxe7 39. Na4 Bc6 40. Nb6 Qe8 41. Bf1 Rb7 42. Bh3 Kb8 43. Qd2 g6 44. Qf4 Nf5 45. f3 Qe7 46. Rg1 Ka7 47. Rd2 Rbb8 1/2-1/2

[Event "GER-ch 81st"]
[Site "Bad Liebenzell"]
[Date "2010.03.05"]
[Round "1"]
[White "Koller, Jens"]
[Black "Huschenbeth, Niclas"]
[Result "0-1"]
[WhiteElo "2270"]
[BlackElo "2404"]
[EventDate "2010.03.05"]
[PlyCount "120"]

1. e4 e5 2. f4 Bc5 3. Nf3 d6 4. Nc3 Nf6 5. Bc4 Nc6 6. Ng5 Bg4 7. Bxf7+ Kd7 8. Nf3 Nd4 9. h4 Rf8 10. Bc4 Kc8 11. d3 Nh5 12. f5 Ng3 13. Rh2 g6 14. Bg5 Qe8 15. Bh6 gxf5 16. Bxf8 Qxf8 17. Nb5 fxe4 18. Nbxd4 Bxd4 19. dxe4 Bxb2 20. Rb1 Bc3+ 21. Kf2 Nxe4+ 22. Ke2 Qf4 23. Qd5 Bxf3+ 24. gxf3 Qxh2+ 25. Kd3 Qd2+ 26. Kxe4 Qf4+ 27. Kd3 Qd4+ 28. Qxd4 Bxd4 29. Be6+ Kb8 30. f4 c6 31. c3 Bc5 32. fxe5 dxe5 33. Ke4 Kc7 34. Kxe5 Rf8 35. Rd1 Kb6 36. Rd7 h6 37. Rh7 Be3 38. Rf7 Rd8 39. Rd7 Rf8 40. Bf7 Bf2 41. h5 Rb8 42. Kf6 Kc5 43. Kg7 Be3 44. Re7 Bd2 45. Re5+ Kb6 46. Re6 Rd8 47. c4 Kc5 48. Re7 Kb6 49. Re6 Rd7 50. Re2 Kc5 51. Kg6 Kb4 52. Be8 Rd6+ 53. Kf7 c5 54. Re7 Rb6 55. Bd7 Ka3 56. Be6 Kxa2 57. Bd5 a5 58. Re2 Rb2 59. Ke6 a4 60. Bxb7 Bg5 0-1

[Event "GER-ch 81st"]
[Site "Bad Liebenzell"]
[Date "2010.03.05"]
[Round "1"]
[White "Kotainy, Jens"]
[Black "Lentrodt, Thomas"]
[Result "1/2-1/2"]
[WhiteElo "2243"]
[BlackElo "2367"]
[EventDate "2010.03.05"]
[PlyCount "140"]

1. e4 e6 2. d4 d5 3. Nc3 Nf6 4. e5 Nfd7 5. f4 Nb6 6. Nf3 Nc6 7. Bd3 Nb4 8. Be2 Bd7 9. a3 Nc6 10. O-O Qe7 11. Bd3 O-O-O 12. f5 exf5 13. Bg5 f6 14. exf6 gxf6 15. Re1 Qf7 16. Bf4 Ne7 17. Nh4 Nc4 18. Rb1 Rg8 19. Qf3 Nb6 20. Nb5 Bxb5 21. Bxb5 Ng6 22. Nxf5 Nxf4 23. Qxf4 Bd6 24. Nxd6+ Rxd6 25. Re2 Kb8 26. Rbe1 Nc8 27. Bd3 a6 28. Bf5 Qh5 29. Re3 Rg5 30. g4 Nb6 31. b3 Qh4 32. Qg3 Qh6 33. Re8+ Ka7 34. Rh8 Rg7 35. Qe3 Qh4 36. Qg3 Qh6 37. Qe3 Qh4 38. Qg3 Qh6 39. Re3 Nd7 40. Rc8 Nb6 41. Rce8 Nd7 42. a4 Nb8 43. c3 Nc6 44. b4 Rf7 45. h4 Rf8 46. Rxf8 Qxf8 47. Bxh7 Rd7 48. Bf5 Re7 49. Qe1 Rxe3 50. Qxe3 Ne7 51. Be6 c6 52. h5 Ng8 53. Qf4 Qg7 54. Kh2 Nh6 55. Bf5 Qg5 56. Qxg5 fxg5 57. a5 b5 58. axb6+ Kxb6 59. Kg3 a5 60. bxa5+ Kxa5 61. Bd3 Ka4 62. c4 Kb4 63. cxd5 cxd5 64. Kf3 Kc3 65. Bf5 Kxd4 66. Be6 Ke5 67. Bd7 Kd6 68. Bc8 Ke5 69. Ke3 Nf7 70. Bf5 Nh6 1/2-1/2

[Event "GER-ch 81st"]
[Site "Bad Liebenzell"]
[Date "2010.03.05"]
[Round "1"]
[White "Kummerow, Heiko"]
[Black "Vogel, Christian"]
[Result "1-0"]
[WhiteElo "2361"]
[BlackElo "2263"]
[EventDate "2010.03.05"]
[PlyCount "103"]

1. e4 c5 2. Nf3 d6 3. d4 cxd4 4. Nxd4 Nf6 5. Nc3 g6 6. Be3 Bg7 7. f3 Nc6 8. Qd2 O-O 9. O-O-O d5 10. exd5 Nxd5 11. Nxc6 bxc6 12. Bd4 Nxc3 13. Qxc3 Bh6+ 14. Be3 Bxe3+ 15. Qxe3 Qb6 16. Qxe7 Be6 17. Qa3 Rab8 18. Qc3 Qc7 19. h4 Rb6 20. h5 c5 21. h6 f6 22. Rh4 Rfb8 23. b3 Qf7 24. Bc4 Rc8 25. Re4 Bxc4 26. Qxc4 Qxc4 27. Rxc4 Rb7 28. f4 Kf7 29. Kb2 f5 30. Kc3 Rc6 31. Rd5 Rbc7 32. Ra4 Rb6 33. Kc4 Rb4+ 34. Rxb4 cxb4+ 35. Kxb4 Rxc2 36. Rd7+ Kf6 37. Rxa7 Rxg2 38. a4 Rg4 39. Rxh7 g5 40. Kc5 gxf4 41. Rd7 f3 42. h7 Rh4 43. Rd3 Ke5 44. Rxf3 Ke4 45. Rf1 Rxh7 46. a5 Rf7 47. b4 f4 48. a6 Rf5+ 49. Kb6 Rf6+ 50. Ka5 Kd5 51. a7 Rf8 52. Rxf4 1-0

[Event "GER-ch 81st"]
[Site "Bad Liebenzell"]
[Date "2010.03.05"]
[Round "1"]
[White "Meister, Peter"]
[Black "Krassowizkij, Jaroslaw"]
[Result "1-0"]
[WhiteElo "2407"]
[BlackElo "2244"]
[EventDate "2010.03.05"]
[PlyCount "73"]

1. d4 Nf6 2. c4 g6 3. Nc3 d5 4. cxd5 Nxd5 5. Bd2 Bg7 6. e4 Nxc3 7. Bxc3 c5 8. d5 O-O 9. Nf3 Bg4 10. h3 Bxc3+ 11. bxc3 Bxf3 12. Qxf3 f5 13. Be2 Qd6 14. exf5 Rxf5 15. Qe3 Re5 16. Qd2 e6 17. c4 exd5 18. f4 Re4 19. O-O Rd4 20. Qb2 Nc6 21. cxd5 Rb4 22. Qc3 Qxd5 23. Rfd1 Nd4 24. Bf1 Kg7 25. Rac1 Rc8 26. Re1 Qd6 27. Re5 b6 28. Qxb4 cxb4 29. Rxc8 Ne6 30. g3 Qd4+ 31. Kh1 Kf6 32. Rc6 Qf2 33. Rcxe6+ Kg7 34. Re7+ Kh6 35. Bg2 Qxg3 36. f5 gxf5 37. R5e6+ 1-0

[Event "GER-ch 81st"]
[Site "Bad Liebenzell"]
[Date "2010.03.05"]
[Round "1"]
[White "Namyslo, Holger"]
[Black "Bogner, Sebastian"]
[Result "0-1"]
[WhiteElo "2326"]
[BlackElo "2522"]
[EventDate "2010.03.05"]
[PlyCount "56"]

1. e4 c5 2. Nf3 d6 3. d4 cxd4 4. Nxd4 Nf6 5. Nc3 a6 6. Bg5 Nbd7 7. f4 Qc7 8. Qf3 h6 9. Bh4 g5 10. fxg5 hxg5 11. Bxg5 Qc5 12. Nf5 e6 13. Bxf6 Nxf6 14. Nxd6+ Bxd6 15. Qxf6 Bg3+ 16. hxg3 Qe3+ 17. Ne2 Rxh1 18. Rd1 Bd7 19. Rd4 Rc8 20. c4 b5 21. b3 bxc4 22. Rxc4 Rxc4 23. bxc4 Qxe4 24. Qf4 Qb1+ 25. Nc1 Qb4+ 26. Ke2 Qb2+ 27. Kd3 e5 28. Qf6 e4+ 0-1

[Event "GER-ch 81st"]
[Site "Bad Liebenzell"]
[Date "2010.03.05"]
[Round "1"]
[White "Ritscher, Jan Paul"]
[Black "Heimann, Andreas"]
[Result "0-1"]
[WhiteElo "2316"]
[BlackElo "2458"]
[EventDate "2010.03.05"]
[PlyCount "84"]

1. e4 e5 2. Nf3 Nc6 3. d4 exd4 4. Nxd4 Bc5 5. Be3 Qf6 6. c3 Nge7 7. Bc4 b6 8. Qd2 Bb7 9. b4 Bxd4 10. cxd4 Qg6 11. f3 O-O 12. O-O Rad8 13. b5 Na5 14. Bd3 d5 15. e5 f5 16. Bg5 Rd7 17. Na3 h6 18. Bh4 Qe6 19. f4 Ng6 20. Be1 Nc4 21. Qc1 Rff7 22. Nxc4 dxc4 23. Bxc4 Bd5 24. Bxd5 Qxd5 25. Bf2 Nf8 26. a4 Ne6 27. Rd1 Rf8 28. Ra3 Kh7 29. Rad3 Rfd8 30. g3 g5 31. Be3 Kg6 32. Rc3 gxf4 33. gxf4 Kh7 34. Bf2 Rg8+ 35. Rg3 Qf3 36. Rxg8 Kxg8 37. Bg3 Qd5 38. Qc6 Qxc6 39. bxc6 Rxd4 40. Ra1 a5 41. Kg2 Kf7 42. Kf3 Ke8 0-1

[Event "GER-ch 81st"]
[Site "Bad Liebenzell"]
[Date "2010.03.05"]
[Round "1"]
[White "Schwing, Hans Elmar"]
[Black "Roehl, Rainer"]
[Result "0-1"]
[WhiteElo "2308"]
[BlackElo "2182"]
[EventDate "2010.03.05"]
[PlyCount "60"]

1. d4 Nf6 2. c4 e6 3. Nf3 Bb4+ 4. Nbd2 b6 5. a3 Bxd2+ 6. Qxd2 Bb7 7. e3 Ne4 8. Qc2 f5 9. Bd3 O-O 10. O-O Rf6 11. Nd2 Rh6 12. Nxe4 fxe4 13. Be2 Qh4 14. h3 Rg6 15. Kh2 d6 16. Bd2 Nd7 17. Be1 Qg5 18. Rg1 Rf8 19. Qa4 Bc8 20. Qxa7 e5 21. Qxc7 exd4 22. exd4 Ne5 23. Bc3 Bxh3 24. gxh3 Rxf2+ 25. Kh1 Qf4 26. Qc8+ Kf7 27. Qb7+ Ke8 28. Qa8+ Ke7 29. Rg3 Rxg3 30. dxe5 Rxh3+ 0-1

[Event "GER-ch 81st"]
[Site "Bad Liebenzell"]
[Date "2010.03.05"]
[Round "1"]
[White "Siebrecht, Sebastian"]
[Black "Schoene, Ralf"]
[Result "1/2-1/2"]
[WhiteElo "2457"]
[BlackElo "2316"]
[EventDate "2010.03.05"]
[PlyCount "267"]

1. d4 f5 2. g3 Nf6 3. Bg2 g6 4. c4 Bg7 5. Nc3 d6 6. Nf3 O-O 7. O-O c6 8. Rb1 a5 9. d5 Qc7 10. Nd4 Re8 11. e4 cxd5 12. cxd5 Nxe4 13. Nxe4 fxe4 14. Bxe4 Na6 15. h4 Nc5 16. Bg2 e5 17. dxe6 Nxe6 18. Nb5 Qc5 19. a4 Nd4 20. Be3 Rxe3 21. fxe3 Nxb5 22. Qd5+ Qxd5 23. Bxd5+ Kh8 24. axb5 Bf5 25. e4 Bh3 26. Rf7 Rc8 27. Rxb7 Bd4+ 28. Kh2 Bg4 29. Bc6 Rf8 30. e5 Rf2+ 31. Kh1 Bxe5 32. Re1 Bf5 33. b3 Rb2 34. Re3 Be6 35. Re7 Rb1+ 36. Kg2 Rb2+ 37. Kf3 Bxb3 38. Kg4 h6 39. h5 Bd1+ 40. Bf3 Bc2 41. hxg6 Bxg6 42. Bc6 Rb4+ 43. Kf3 Bh5+ 44. Kg2 Bg4 45. Rb7 Rb2+ 46. Kh1 Rb1+ 47. Kh2 Rb2+ 48. Bg2 Be6 49. Rf3 Kg8 50. Rd3 Bc4 51. Rd1 Rxb5 52. Rxb5 Bxb5 53. Rd5 Bc4 54. Rxa5 Kg7 55. Bd5 Bd3 56. Ra7+ Kg6 57. Ra4 Kg5 58. Be4 Be2 59. Ra8 Bc4 60. Bh7 h5 61. Ra4 Bd5 62. Be4 Be6 63. Bf3 Bf7 64. Kg2 Bg6 65. Be4 Bf7 66. Ra7 Be6 67. Re7 Bg4 68. Rh7 Bd4 69. Bf3 Kg6 70. Re7 Be5 71. Be4+ Kf6 72. Rh7 Kg5 73. Ra7 h4 74. gxh4+ Kxh4 75. Ra8 Kg5 76. Rf8 Be6 77. Kf3 Bg4+ 78. Ke3 Be6 79. Bf3 Bg7 80. Re8 Bf5 81. Rg8 Kf6 82. Bd5 Bh6+ 83. Kd4 Bf4 84. Rf8+ Kg5 85. Be4 Be6 86. Bf3 Be5+ 87. Ke3 Bf5 88. Rg8+ Kf6 89. Be4 Be6 90. Rg6+ Ke7 91. Rh6 Bb3 92. Rh7+ Kf6 93. Rb7 Be6 94. Kf3 Bc4 95. Kg4 Be2+ 96. Kh4 Bc4 97. Bc6 Bf7 98. Bd7 Bd5 99. Rb8 Bd4 100. Rb5 Bf7 101. Bc6 Bf2+ 102. Kg4 Bc5 103. Kf4 Be6 104. Be4 Bd7 105. Rb7 Be6 106. Rh7 Ba3 107. Rh1 Bb2 108. Rh6+ Kf7 109. Rh5 Bc1+ 110. Kf3 Kf6 111. Ra5 Bb2 112. Bd5 Bf5 113. Bc4 Bd4 114. Rd5 Be5 115. Rd1 Kg5 116. Rg1+ Kf6 117. Rg8 Ke7 118. Bd5 Kf6 119. Rf8+ Kg5 120. Be4 Bg4+ 121. Ke3 Be6 122. Re8 Bf7 123. Re7 Bc4 124. Kf3 Bb3 125. Re8 Bc4 126. Bc6 Bb3 127. Ke4 Bc2+ 128. Ke3 Bb3 129. Bb7 Bf7 130. Rf8 Bb3 131. Ke4 Bc2+ 132. Kd5 Bb3+ 133. Kc6 Bc2 134. Kd7 1/2-1/2

[Event "GER-ch 81st"]
[Site "Bad Liebenzell"]
[Date "2010.03.05"]
[Round "1"]
[White "Strunski, Andreas"]
[Black "Hager, Joshua Aarash"]
[Result "1-0"]
[WhiteElo "2378"]
[BlackElo "2221"]
[EventDate "2010.03.05"]
[PlyCount "57"]

1. d4 Nf6 2. c4 g6 3. Nc3 Bg7 4. e4 d6 5. f3 O-O 6. Nge2 a6 7. Bg5 Nbd7 8. d5 c5 9. a4 Re8 10. Qd2 e6 11. Ng3 Qa5 12. Be2 b5 13. dxe6 Rxe6 14. cxb5 Nb6 15. O-O axb5 16. Bxb5 Ba6 17. Bxa6 Qxa6 18. Nge2 Nc4 19. Qc1 Rb8 20. Nf4 Re7 21. Nb5 Na5 22. Bxf6 Bxf6 23. Nd5 Kg7 24. Nxf6 Kxf6 25. Qc3+ Ke6 26. Rad1 Rb6 27. f4 Rxb5 28. axb5 Qxb5 29. Qh3+ 1-0

[Event "GER-ch 81st"]
[Site "Bad Liebenzell"]
[Date "2010.03.05"]
[Round "1"]
[White "Tischbierek, Raj"]
[Black "Natsidis, Christoph"]
[Result "1-0"]
[WhiteElo "2433"]
[BlackElo "2270"]
[EventDate "2010.03.05"]
[PlyCount "105"]

1. e4 e6 2. d4 d5 3. Nc3 Nf6 4. Bg5 dxe4 5. Nxe4 Be7 6. Bxf6 Bxf6 7. Nf3 Nd7 8. Qd3 O-O 9. O-O-O Be7 10. Kb1 Nf6 11. Ne5 a5 12. Be2 Nxe4 13. Qxe4 Qd5 14. Qe3 a4 15. a3 Qd6 16. Bd3 Rb8 17. c4 c5 18. Bc2 cxd4 19. Rxd4 Qc7 20. Rhd1 g6 21. Qg3 Kg7 22. Rf4 f5 23. Rfd4 Rd8 24. Rxd8 Bxd8 25. Nxg6 Qxg3 26. fxg3 Ba5 27. Ne5 Bc7 28. Nd7 Ra8 29. Nc5 e5 30. Nxb7 Bxb7 31. Rd7+ Kf6 32. Rxc7 Bxg2 33. Rxh7 f4 34. gxf4 exf4 35. Rh6+ Ke5 36. Rh5+ Kd4 37. Rf5 Ke3 38. Re5+ Kd4 39. Re2 f3 40. Re4+ Kc5 41. Rf4 Re8 42. Bd1 Re1 43. Kc2 Rf1 44. Kd2 Kd6 45. c5+ Kxc5 46. Bxa4 Rf2+ 47. Kc3 Kd6 48. Bc2 Ke5 49. Rf5+ Ke6 50. Rf8 Bf1 51. Be4 Be2 52. b4 Rxh2 53. Bxf3 1-0

[Event "GER-ch 81st"]
[Site "Bad Liebenzell"]
[Date "2010.03.05"]
[Round "1"]
[White "Zeller, Frank"]
[Black "Schloetzer, Waldemar"]
[Result "1-0"]
[WhiteElo "2420"]
[BlackElo "2293"]
[EventDate "2010.03.05"]
[PlyCount "77"]

1. e4 d6 2. Nc3 Nf6 3. Bc4 e5 4. d3 Be7 5. f4 c6 6. Nf3 Bg4 7. fxe5 Bxf3 8. Qxf3 dxe5 9. Qg3 O-O 10. Qxe5 Nbd7 11. Qf5 a5 12. a4 Qb6 13. Bd2 Rae8 14. O-O-O Ne5 15. Ba2 Nfg4 16. Rhe1 Bc5 17. Ne2 Nf2 18. Bc3 g6 19. Qf6 Nfg4 20. Qh4 Bf2 21. Ng3 Bxe1 22. Rxe1 c5 23. Rf1 Ne3 24. Qh6 N3g4 25. Qf4 Qd6 26. h3 Nh2 27. Rf2 Kh8 28. Ne2 f6 29. Kb1 c4 30. Nc1 cxd3 31. cxd3 Qb6 32. d4 Nd7 33. Re2 Qc6 34. d5 Qxa4 35. Qxh2 Nc5 36. e5 Ne4 37. e6 Re7 38. d6 Nxc3+ 39. bxc3 1-0

[Event "GER-ch 81st"]
[Site "Bad Liebenzell"]
[Date "2010.03.06"]
[Round "2"]
[White "Baramidze, David"]
[Black "Heinig, Wolfram"]
[Result "1-0"]
[WhiteElo "2528"]
[BlackElo "2345"]
[EventDate "2010.03.05"]
[PlyCount "120"]

1. Nf3 Nf6 2. c4 g6 3. Nc3 Bg7 4. d4 O-O 5. Bg5 h6 6. Bh4 d6 7. e3 Nbd7 8. Be2 c6 9. Qc2 a6 10. O-O b5 11. b3 Bb7 12. Rac1 Rc8 13. h3 Re8 14. Rfd1 Qa5 15. Bg3 c5 16. d5 b4 17. Na4 Nb6 18. Nxb6 Qxb6 19. Bd3 e5 20. Nd2 a5 21. Bh4 Qc7 22. Rf1 a4 23. bxa4 Ra8 24. Qd1 Bc8 25. Bc2 Bd7 26. a3 Reb8 27. Ra1 Nh7 28. f3 f5 29. Ra2 Qc8 30. Be1 Qe8 31. axb4 Rxb4 32. a5 Qd8 33. Qe2 Bf6 34. Nb3 Rb7 35. Bc3 Qe8 36. Qd2 Rba7 37. Rb1 Bd8 38. Kh1 Nf6 39. g4 e4 40. Rg1 exf3 41. gxf5 g5 42. Qd3 Qh5 43. Bd1 Qxh3+ 44. Rh2 Bxf5 45. Rxh3 Bxd3 46. Bxf3 Ne4 47. Be1 Kg7 48. Nc1 Bb1 49. Ne2 Bf6 50. Nf4 Kh7 51. Ne6 Rg8 52. Rg4 Bc3 53. Bxc3 Nf2+ 54. Kg2 Nxh3 55. Kxh3 Bf5 56. Be4 Bxe4 57. Rxe4 h5 58. Bf6 g4+ 59. Kg3 Rxa5 60. Nf4 Ra1 1-0

[Event "GER-ch 81st"]
[Site "Bad Liebenzell"]
[Date "2010.03.06"]
[Round "2"]
[White "Feuerstack, Aljoscha"]
[Black "Schulze, Ulrich"]
[Result "1-0"]
[WhiteElo "2382"]
[BlackElo "2320"]
[EventDate "2010.03.05"]
[PlyCount "117"]

1. e4 c6 2. d4 d5 3. Nc3 g6 4. h3 Bg7 5. Nf3 Nh6 6. Bf4 dxe4 7. Nxe4 O-O 8. Qd2 Nf5 9. c3 Be6 10. Bd3 Bd5 11. O-O Nd7 12. Rfe1 Re8 13. Qe2 a5 14. Ned2 Bxf3 15. Nxf3 e6 16. Rad1 a4 17. a3 Qa5 18. Nd2 Qd8 19. Ne4 Nf6 20. f3 Nd5 21. Bg5 Qc7 22. Qf2 h6 23. Bc1 b5 24. g4 Nfe7 25. f4 Rad8 26. Kg2 Nc8 27. Qf3 Nd6 28. Ng3 f5 29. h4 Nf6 30. g5 Ng4 31. Bb1 h5 32. Ba2 Qd7 33. Re2 Re7 34. Re5 Nc4 35. Rc5 Na5 36. c4 Bxd4 37. cxb5 cxb5 38. Ne2 Qa7 39. Rxb5 Bb6 40. Rxd8+ Bxd8 41. Rb4 Nc6 42. Rc4 Rc7 43. Rc3 Kh7 44. Be3 Qb7 45. b4 axb3 46. Rxb3 Qa6 47. Bg1 Rd7 48. Bb1 e5 49. Bd3 Qa8 50. Bb5 e4 51. Qc3 Rd3 52. Qc4 Rxb3 53. Qf7+ Kh8 54. Qf8+ Kh7 55. Qf7+ Kh8 56. Bxc6 Qxc6 57. Bd4+ Bf6 58. gxf6 Rb7 59. Qxb7 1-0

[Event "GER-ch 81st"]
[Site "Bad Liebenzell"]
[Date "2010.03.06"]
[Round "2"]
[White "Fiebig, Thomas"]
[Black "Milov, Leonid"]
[Result "1/2-1/2"]
[WhiteElo "2428"]
[BlackElo "2556"]
[EventDate "2010.03.05"]
[PlyCount "134"]

1. e4 d5 2. exd5 Qxd5 3. Nc3 Qa5 4. d4 Nf6 5. Nf3 c6 6. Bc4 Bf5 7. O-O Nbd7 8. Bd2 Qb6 9. Bb3 e6 10. Bf4 Be7 11. h3 h6 12. Ne5 Nxe5 13. dxe5 Nd7 14. Qe2 O-O-O 15. Nd1 Qd4 16. Bg3 Nb6 17. Ne3 Bg6 18. Qg4 Qxg4 19. Nxg4 a5 20. a4 Nd5 21. Rfe1 h5 22. Ne3 Nxe3 23. Rxe3 Rd2 24. Bf4 Rd4 25. g3 h4 26. Re2 hxg3 27. Bxg3 Rxh3 28. Kg2 Rh8 29. c3 Rd7 30. Bf4 Rh4 31. Bg3 Rh5 32. Rd1 Rxd1 33. Bxd1 Rh8 34. Bf4 Rd8 35. Bb3 Bf5 36. Re1 Rh8 37. Be3 Kc7 38. Bd1 Be4+ 39. f3 Bd3 40. Rh1 Rxh1 41. Kxh1 f6 42. exf6 gxf6 43. Bb3 e5 44. Kg2 f5 45. f4 Bd6 46. fxe5 Bxe5 47. Kf3 Be4+ 48. Ke2 b5 49. axb5 cxb5 50. Bf7 Kd7 51. Bb6 a4 52. Bc5 Bd6 53. Be8+ Kc7 54. Bxd6+ Kxd6 55. Bxb5 Bc6 56. Bd3 f4 57. Kf2 Ke5 58. Bc2 Kd6 59. Bd1 Be8 60. Bc2 Bb5 61. Kf3 Ke5 62. Kf2 Bd7 63. Bd1 Bc6 64. Bc2 Kf6 65. Bd1 Be8 66. Bc2 Ke5 67. Bd1 Bc6 1/2-1/2

[Event "GER-ch 81st"]
[Site "Bad Liebenzell"]
[Date "2010.03.06"]
[Round "2"]
[White "Figura, Atila Gajo"]
[Black "Bindrich, Falko"]
[Result "0-1"]
[WhiteElo "2418"]
[BlackElo "2532"]
[EventDate "2010.03.05"]
[PlyCount "80"]

1. d4 d5 2. c4 c6 3. Nc3 dxc4 4. e4 b5 5. a4 b4 6. Na2 Nf6 7. e5 Nd5 8. Bxc4 e6 9. Nf3 Be7 10. O-O O-O 11. Bd2 a5 12. Nc1 Nd7 13. Nb3 Bb7 14. Qe2 c5 15. dxc5 Nxc5 16. Nxc5 Bxc5 17. Ng5 Be7 18. Ne4 Nb6 19. Bd3 Qd5 20. Bf4 Rad8 21. Rfd1 Kh8 22. Rac1 Nxa4 23. Bb1 Qb3 24. Nd6 Bxd6 25. exd6 Qxb2 26. Qd3 f5 27. Re1 Nc3 28. Be5 Be4 29. Rxc3 bxc3 30. Qg3 Rf7 31. Bxe4 fxe4 32. Bxc3 Qb6 33. Be5 a4 34. h4 a3 35. h5 h6 36. Kh2 Qxf2 37. Bxg7+ Kg8 38. Be5+ Qxg3+ 39. Kxg3 Rf5 40. Rxe4 a2 0-1

[Event "GER-ch 81st"]
[Site "Bad Liebenzell"]
[Date "2010.03.06"]
[Round "2"]
[White "Heimann, Andreas"]
[Black "Kummerow, Heiko"]
[Result "1-0"]
[WhiteElo "2458"]
[BlackElo "2361"]
[EventDate "2010.03.05"]
[PlyCount "57"]

1. e4 e6 2. d4 d5 3. Nc3 Bb4 4. e5 c5 5. a3 Bxc3+ 6. bxc3 Ne7 7. Qg4 Qc7 8. Bd3 cxd4 9. Ne2 dxc3 10. Qxg7 Rg8 11. Qxh7 Qxe5 12. Bf4 Qf6 13. h4 Rxg2 14. Bg3 e5 15. Kf1 Rxg3 16. Nxg3 Bg4 17. h5 Nd7 18. h6 O-O-O 19. Qg7 Bf3 20. Rh2 e4 21. Bb5 Qxg7 22. hxg7 Nc5 23. Rh8 Bg4 24. Be8 Be6 25. g8=Q Nxg8 26. Rxg8 d4 27. Rg5 Bc4+ 28. Kg2 Bd5 29. Bxf7 1-0